000 00486nam a2200217Ia 4500
005 20250425162654.0
008 250425s9999 xx 000 0 und d
020 _a8432119555
041 _aspa
043 _asp
082 _a800
100 _aLARMAN, CRAIG
245 0 _aLA GENETICA DE LA INTELIGENCIA
250 _aS.E
260 _aEspaƱa
_bEDICIONES RIALP, S.A.
_c1978
260 _aMADRID
300 _a254
650 _aLITERATURA
942 _c01
010 _a95579
999 _c234058
_d234058